-
BHUSHAN,VIDYA AND SACHDEVA, D.R
Entry Personal Name
Number of records used in: 1
001 - CONTROL NUMBER
003 - CONTROL NUMBER IDENTIFIER
005 - DATE AND TIME OF LATEST TRANSACTION
- control field:
20230821114032.0
008 - FIXED-LENGTH DATA ELEMENTS
- fixed length control field:
230821|| aca||aabn | a|a d
040 ## - CATALOGING SOURCE
- Original cataloging agency:
JRU
- Transcribing agency:
JRU
100 ## - HEADING--PERSONAL NAME
- Personal name:
BHUSHAN,VIDYA AND SACHDEVA, D.R
670 ## - SOURCE DATA FOUND
- Source citation:
Work cat.: (JRU)8398: BHUSHAN,VIDYA AND SACHDEVA, D.R, AN INTRODUCTION TO SOCIOLOGY